Geography Quiz #2 - Statistics

General Stats
  • This quiz has been taken 26 times
  • The average score is 12 of 17
Answer Stats
Hint Answer % Correct
Which landlocked micro-nation is surrounded by the city of Rome? Vatican City
100%
What are the two main colours in the above's flag? Red
91%
Where would be the best country to find paella? Spain
91%
In which country would you find the worlds tallest building? United Arab Emirates
91%
Belarus
86%
Name the capital cities of the above two Kiev
86%
Which two modern day countries were most effected by the Chernobyl disaster? Ukraine
86%
Yellow
86%
Minsk
82%
The country formerly known as Burma has a new name and a new capital city, what are they? Myanmar
82%
All national flags are rectangular/square except one, name it Nepal
77%
Which country has 3 official capital cities? South Africa
77%
What is the mountian rainge that seperates France and Spain, and completely surrounds Andorra? Pyrenees
64%
Which European city is considered to be the home of the diamond trade? Antwerp
45%
Naypyidaw
45%
What are the initials of the full name of the 'hermit kingdom'? DPRK
18%
Which city is projected to be the most populous by 2100? Lagos
9%
No matching quizzes found
Score Distribution
Percent of People with Each Score
Percentile by Number Answered
Your Score History
You have not taken this quiz